Statistics for FIFA 22 Eredivisie Team of the Season

Click here to take the quiz!

General Stats

  • This quiz has been taken 23 times
    (20 since last reset)
  • The average score is 8 of 13

Answer Stats

RatingClubPlayer% Correct
91AjaxAntony
75%
90AjaxJurrien Timber
75%
95AjaxRyan Gravenberch
75%
90PSVCody Gakpo
69%
92PSVIbrahim Sangare
69%
87FC TwenteLars Unnerstall
69%
89FeyenoordLuis Sinisterra
56%
91FeyenoordOrkun Kokcu
56%
91AjaxSebastien Haller
56%
88AZ AlkmaarOwen Wijndal
50%
88AjaxNoussair Mazraoui
44%
89PSVMauro Junior
38%
88PSVOlivier Boscagli
25%

Score Distribution

Percentile by Number Answered

Percent of People with Each Score

Your Score History

You have not taken this quiz since the last reset